Viḷaṅku paṟavaikaḷ kataikaḷ = (Record no. 178623)

MARC details
000 -LEADER
fixed length control field 00945nam a22002657i 4500
005 - DATE AND TIME OF LATEST TRANSACTION
control field 20200813151502.0
008 - FIXED-LENGTH DATA ELEMENTS--GENERAL INFORMATION
fixed length control field 200813s2018 ii a|||b |||| 00| 1 tam d
020 ## - INTERNATIONAL STANDARD BOOK NUMBER
Terms of availability RM21.28
Qualifying information paperback
040 ## - CATALOGING SOURCE
Original cataloging agency PPAK
Language of cataloging eng
Transcribing agency PPAK
Description conventions rda
082 04 - DEWEY DECIMAL CLASSIFICATION NUMBER
Edition number 23
Classification number 894.8113
090 00 - LOCALLY ASSIGNED LC-TYPE CALL NUMBER (OCLC); LOCAL CALL NUMBER (RLIN)
Classification number (OCLC) (R) ; Classification number, CALL (RLIN) (NR) 894.8113
Feature heading SOD
Feature heading K
100 1# - MAIN ENTRY--PERSONAL NAME
Personal name Sodhi, A.,
Relator term author.
245 10 - TITLE STATEMENT
Linkage 880-01
Title Viḷaṅku paṟavaikaḷ kataikaḷ =
Remainder of title Stories of chameleon birds /
Statement of responsibility, etc. A. Sodhi
246 33 - VARYING FORM OF TITLE
Title proper/short title vilanggu paravaigal kadhaigal
264 #1 - PRODUCTION, PUBLICATION, DISTRIBUTION, MANUFACTURE, AND COPYRIGHT NOTICE
Place of production, publication, distribution, manufacture Puducherry, India:
Name of producer, publisher, distributor, manufacturer Nanmoli Pathippagam,
Date of production, publication, distribution, manufacture, or copyright notice 2018
300 ## - PHYSICAL DESCRIPTION
Extent 64 pages :
Other physical details colour illustrations ;
Dimensions 22 cm
336 ## - CONTENT TYPE
Source rdacontent
Content type term text
337 ## - MEDIA TYPE
Source rdamedia
Media type term unmediated
338 ## - CARRIER TYPE
Source rdacarrier
Carrier type term volume
520 ## - SUMMARY, ETC.
Summary, etc. The story of the four animals who became great singers.
650 10 - SUBJECT ADDED ENTRY--TOPICAL TERM
Topical term or geographic name entry element Children's stories, Tamil
Topical term or geographic name entry element Tamil fiction
880 10 - ALTERNATE GRAPHIC REPRESENTATION
Linkage 245-01/$1
a விளங்கு பறவைகள் கதைகள்
942 ## - ADDED ENTRY ELEMENTS (KOHA)
Source of classification or shelving scheme Dewey Decimal Classification
Koha item type Book
Holdings
Withdrawn Not for loan Current library Shelving location Date acquired Full call number Barcode Date last seen Koha item type Total Checkouts Date last checked out
    Perpustakaan Alor Setar Pinjaman Kanak-kanak 06/09/2020 K 894.8113 SOD A01645885 06/09/2020 Book    
    Perpustakaan Kulim Pinjaman Kanak-kanak 06/09/2020 K 894.8113 SOD A01645886 11/03/2024 Book 5 18/02/2024